LEADER 03120nam 22006975 450 001 996466429703316 005 20230330021658.0 010 $a3-030-15093-3 024 7 $a10.1007/978-3-030-15093-8 035 $a(CKB)4100000007810273 035 $a(DE-He213)978-3-030-15093-8 035 $a(MiAaPQ)EBC5917794 035 $a(PPN)23523186X 035 $a(EXLCZ)994100000007810273 100 $a20190314d2019 u| 0 101 0 $aeng 135 $aurnn|008mamaa 181 $ctxt$2rdacontent 182 $cc$2rdamedia 183 $acr$2rdacarrier 200 10$aGreen, Pervasive, and Cloud Computing$b[electronic resource] $e13th International Conference, GPC 2018, Hangzhou, China, May 11-13, 2018, Revised Selected Papers /$fedited by Shijian Li 205 $a1st ed. 2019. 210 1$aCham :$cSpringer International Publishing :$cImprint: Springer,$d2019. 215 $a1 online resource (XIV, 526 p. 274 illus., 166 illus. in color.) 225 1 $aTheoretical Computer Science and General Issues,$x2512-2029 ;$v11204 311 $a3-030-15092-5 330 $aThis book constitutes the proceedings of the 13th International Conference on Green, Pervasive, and Cloud Computing, GPC 2018, held in Hangzhou, China, in May 2018. The 35 full papers included in this volume were carefully reviewed and selected from 101 initial submissions. They are organized in the following topical sections: network security, and privacy-preserving; pervasive sensing and analysis; cloud computing, mobile computing, and crowd sensing; social and urban computing; parallel and distributed systems, optimization; pervasive applications; and data mining and knowledge mining. 410 0$aTheoretical Computer Science and General Issues,$x2512-2029 ;$v11204 606 $aComputer networks 606 $aComputers, Special purpose 606 $aApplication software 606 $aData mining 606 $aArtificial intelligence 606 $aData protection 606 $aComputer Communication Networks 606 $aSpecial Purpose and Application-Based Systems 606 $aComputer and Information Systems Applications 606 $aData Mining and Knowledge Discovery 606 $aArtificial Intelligence 606 $aData and Information Security 615 0$aComputer networks. 615 0$aComputers, Special purpose. 615 0$aApplication software. 615 0$aData mining. 615 0$aArtificial intelligence. 615 0$aData protection. 615 14$aComputer Communication Networks. 615 24$aSpecial Purpose and Application-Based Systems. 615 24$aComputer and Information Systems Applications. 615 24$aData Mining and Knowledge Discovery. 615 24$aArtificial Intelligence. 615 24$aData and Information Security. 676 $a004.6782 702 $aLi$b Shijian$4edt$4http://id.loc.gov/vocabulary/relators/edt 801 0$bMiAaPQ 801 1$bMiAaPQ 801 2$bMiAaPQ 906 $aBOOK 912 $a996466429703316 996 $aGreen, pervasive, and cloud computing$92068893 997 $aUNISA LEADER 01160cam0 22002893 450 001 E600200018098 005 20231102091520.0 010 $a8814124183 100 $a20060509d2006 |||||ita|0103 ba 101 $aita 102 $aIT 200 1 $aCompravendita di appartamenti uffici e negozi$e134 problemi con risposte, consigli e e formule per acquistare o vendere un immobile al prezzo giusto e senza avventure$fFrancesco Tamborrino 205 $a5. ed. aggiornata e redatta da Marina Tamborrino 210 $aMilano$cGiuffrè$d2006 215 $a132 p.$d24 cm 225 2 $aCosa & Come$hSez$hCasa e Territorio 410 1$1001LAEC00022188$12001 $a*Cosa & Come. Sez. Casa e Territorio 700 1$aTamborrino$b, Francesco$3AF00009200$4070$09567 801 0$aIT$bUNISOB$c20231102$gRICA 850 $aUNISOB 852 $aUNISOB$j340|Coll|12|C$m129932 912 $aE600200018098 940 $aM 102 Monografia moderna SBN 941 $aM 957 $a340|Coll|12|C$b000006$gSi$d129932$racquisto$1catenacci$2UNISOB$3UNISOB$420060509095856.0$520231102091214.0$6Alfano 996 $aCompravendita di appartamenti uffici e negozi$9636815 997 $aUNISOB